01861nam a2200313 a 4500001001000000003000900010005001700019008004100036040002500077082002100102100002600123240004400149245014100193260005100334300004100385504003200426651007200458651007200530651006000602700004100662910003800703942001400741952013400755952013400889952013401023952018401157952018901341999001701530000025993DO-SdBNP20240925141012.0110225s1976 dr 000 0 spa d aDO-SdBNPbspacBNPHU a972.93054bS631i1 aSlater, Jerome95289110aIntervention and negotiationlEspañol13aLa intervención americana :blos Estados Unidos y la Revolución Dominicana /cJerome Slater ; prólogo profesor Hans J. Morgenthau. aSanto Domingo :bEditora Santo Domingo,c1976. axxi, 258 p. :bil., retrs. ;c22 cm. aBibliografía : p. 253-258 4aRepública DominicanaxRelaciones ExterioreszEstados Unidos96308 4aEstados UnidosxRelaciones ExterioreszRepública Dominicana96309 4aEstados UnidosxRelaciones Exterioresy1963-19699528921 aMorgenthau, Hans J.,epról.952893 aValidado. Control de calidad. MFF 2ddccLBS1 001054708DSaGRbGRcHDd2011-04-19iLF1l0o972.93054 S631ip25993-30r2020-06-25te. 3w2020-06-25yLFDSZPréstamo en sala 001054708DSaGRbGRcHDd2011-07-19iLF1l0o972.93054 S631ip25993-40r2020-06-25te. 4w2020-06-25yLFDSZPréstamo en sala 001054708DSaGRbGRcHDd2015-02-19iLF1l0o972.93054 S631ip25993-50r2020-06-25te. 5w2020-06-25yLFDSZPréstamo en sala 0010718PDaPDbPDcHDd2011-02-25iLF1l0o972.93054 S631ip25993-10r2020-06-25w2020-06-25yLFPDzPerteneció a la biblioteca personal de Germán Emilio Ornes.ZNo se presta 0010718PDaPDbPDcHDd2011-02-25iLF1l0o972.93054 S631ip25993-20r2020-06-25te. 2w2020-06-25yLFPDzPerteneció a la biblioteca personal de Dr. Guaroa Ginebra H.ZNo se presta c25485d25485